| 000 | 00468nam a2200169 i 4500 | ||
|---|---|---|---|
| 001 | 90164 | ||
| 003 | ES-MaACL | ||
| 005 | 20230906180352.0 | ||
| 007 | t| | ||
| 008 | 050119s1910 fr ||||1| fre d | ||
| 100 | 1 |
_aLe Dantec, Félix. _970865 |
|
| 245 | 1 | 3 |
_aLa crise du transformisme / _cpar Félix Le Dantec. |
| 250 | _a2eme ed. | ||
| 260 |
_aParis : _bFélix Alcan, _c1910 ( _eEvreux : _fHérissey) |
||
| 300 |
_aVI, 288 p. ; _c19 cm. |
||
| 852 |
_aES-MaACL _jD-714 |
||
| 999 |
_c90164 _d90164 |
||